000 00832nam a2200229 a 4500
001 47571
003 BD-RjUL
005 20211209054339.0
008 160809r19931988b ||||| |||| 00| 0 eng d
020 _a9840726935
_c: Tk.120.00
035 _a(BD-RjUL)47690
040 _aBD-RjUL
_bben
_cBD-RjUL
041 _aben
082 _223
_a513.93
_bRHB 1993
100 1 _aরাহামান, এস.এম.মাহাফুজফুর
_9144595
245 1 0 _aবাণিজিক গণিত /
_cরাহামান, এস.এম.মাহাফুজফুর
260 _aঢাকা :
_bবাংলা একাডেমী ,
_c১৯৯৩.
300 _a[৬], ৩৪০পৃ
_c২১ সেমি
650 _aবাণিজিক গণিত
_9144597
650 _aBusiness Mathematics
_9144596
942 _2ddc
_cBK
999 _c47571
_d47571